MARC details
| 000 -LEADER |
| fixed length control field |
01936nam a2200385 a 4500 |
| 001 - CONTROL NUMBER |
| control field |
3380232 |
| 003 - CONTROL NUMBER IDENTIFIER |
| control field |
BDDh-ASL |
| 005 - DATE AND TIME OF LATEST TRANSACTION |
| control field |
20231015031309.0 |
| 007 - PHYSICAL DESCRIPTION FIXED FIELD--GENERAL INFORMATION |
| fixed length control field |
heuamb---baca |
| 007 - PHYSICAL DESCRIPTION FIXED FIELD--GENERAL INFORMATION |
| fixed length control field |
heubmb---baaa |
| 008 - FIXED-LENGTH DATA ELEMENTS--GENERAL INFORMATION |
| fixed length control field |
880226r19871986ii a bs f000 0 eng |
| 010 ## - LIBRARY OF CONGRESS CONTROL NUMBER |
| LC control number |
87906966 |
| 025 ## - OVERSEAS ACQUISITION NUMBER |
| Overseas acquisition number |
B E 4935 |
| 040 ## - CATALOGING SOURCE |
| Original cataloging agency |
DLC |
| Transcribing agency |
BDDh-ASL |
| Modifying agency |
DLC |
| 043 ## - GEOGRAPHIC AREA CODE |
| Geographic area code |
a-bg--- |
| 050 10 - LIBRARY OF CONGRESS CALL NUMBER |
| Classification number |
HV4140.6 |
| 050 00 - LIBRARY OF CONGRESS CALL NUMBER |
| Classification number |
Microfiche 87/62025 |
| 082 00 - DEWEY DECIMAL CLASSIFICATION NUMBER |
| Classification number |
362.50954 |
| Edition number |
19 |
| Item number |
SOC |
| 245 00 - TITLE STATEMENT |
| Title |
Socio - Economic Profile of Dhaka City Study Project : |
| Remainder of title |
Working Paper No. -2, Prostitutes of Dhaka City / |
| Statement of responsibility, etc. |
study team members, Kamal Siddiqui ... [et al.]. |
| 260 ## - PUBLICATION, DISTRIBUTION, ETC. |
| Place of publication, distribution, etc. |
Dhaka : |
| Name of publisher, distributor, etc. |
National Institute of Local Government, |
| Date of publication, distribution, etc. |
1986. |
| 300 ## - PHYSICAL DESCRIPTION |
| Extent |
17 p. : |
| Dimensions |
28 cm. |
| 490 1# - SERIES STATEMENT |
| Series statement |
Working paper / Socio-Economic Profile of Dhaka City Study Project ; |
| Volume/sequential designation |
no. 3 |
| 500 ## - GENERAL NOTE |
| General note |
Page 4A is a folded leaf. |
| 500 ## - GENERAL NOTE |
| General note |
Includes statistical tables. |
| 500 ## - GENERAL NOTE |
| General note |
Master microform held by: DLC. |
| 533 ## - REPRODUCTION NOTE |
| Type of reproduction |
Microfiche. |
| Place of reproduction |
New Delhi : |
| Agency responsible for reproduction |
Library of Congress Office ; |
| Place of reproduction |
Washington, D.C. : |
| Agency responsible for reproduction |
Library of Congress Photoduplication Service, |
| Date of reproduction |
1987. |
| Physical description of reproduction |
1 microfiche ; 11 x 15 cm. |
| 650 #0 - SUBJECT ADDED ENTRY--TOPICAL TERM |
| Topical term or geographic name entry element |
Squatters |
| Geographic subdivision |
Bangladesh |
| -- |
Dhaka. |
| 650 #0 - SUBJECT ADDED ENTRY--TOPICAL TERM |
| Topical term or geographic name entry element |
Prostitutes, পতিতা, Patitā, prostitute, বেশ্যা, মাগী, অবিদ্যা, গণিকা, খানকি, harlot, গণিকা, বেশ্যা, পতিতা, খানকি, অবিদ্যা, পুংশ্চলী, unchaste, potita, khanki, beswa, অসতী, অসৎ, অসচ্চরিত্র, অপবিত্র, পতিতা, কলঙ্কিত, নষ্ট নারী |
| 9 (RLIN) |
7863 |
| 650 #0 - SUBJECT ADDED ENTRY--TOPICAL TERM |
| Topical term or geographic name entry element |
Poor |
| Geographic subdivision |
Bangladesh |
| -- |
Dhaka. |
| 651 #0 - SUBJECT ADDED ENTRY--GEOGRAPHIC NAME |
| Geographic name |
Dhaka (Bangladesh) |
| General subdivision |
Social conditions. |
| 700 1# - ADDED ENTRY--PERSONAL NAME |
| Personal name |
Siddiqui, Kamal. |
| 830 #0 - SERIES ADDED ENTRY--UNIFORM TITLE |
| Uniform title |
Working paper (Socio-Economic Profile of Dhaka City Study Project) ; |
| Volume/sequential designation |
no. 3. |
| 906 ## - LOCAL DATA ELEMENT F, LDF (RLIN) |
| a |
7 |
| b |
cbc |
| c |
orignew |
| d |
3 |
| e |
ncip |
| f |
19 |
| g |
y-genmicro |
| 942 ## - ADDED ENTRY ELEMENTS (KOHA) |
| Source of classification or shelving scheme |
Dewey Decimal Classification |
| Koha item type |
Books |